Giáo trình thí nghiệm vật liệu xây dựng
Đã lưu trong:
| Tác giả chính: | |
|---|---|
| Định dạng: | Sách |
| Ngôn ngữ: | Undetermined |
| Được phát hành: |
Nà Nội
ĐH và THCN
1983
|
| Những chủ đề: | |
| Các nhãn: |
Thêm thẻ
Không có thẻ, Là người đầu tiên thẻ bản ghi này!
|
| Thư viện lưu trữ: | Trung tâm Học liệu Trường Đại học Cần Thơ |
|---|
| LEADER | 00554nam a2200169Ia 4500 | ||
|---|---|---|---|
| 001 | CTU_11863 | ||
| 008 | 210402s9999 xx 000 0 und d | ||
| 082 | |a 691 | ||
| 082 | |b Qu600 | ||
| 100 | |a Nguyễn Tấn Quý | ||
| 245 | 0 | |a Giáo trình thí nghiệm vật liệu xây dựng | |
| 245 | 0 | |c Nguyễn Tấn Quý, Nguyễn Thúc Tuyên, Phạm Duy Hữu | |
| 260 | |a Nà Nội | ||
| 260 | |b ĐH và THCN | ||
| 260 | |c 1983 | ||
| 650 | |a construction materials | ||
| 980 | |a Trung tâm Học liệu Trường Đại học Cần Thơ | ||